National service and education for citizenship (Record no. 73198)

MARC details
000 -CABECERA
campo de control de longitud fija 00649nam a2200241 a 4500
005 - FECHA Y HORA DE LA ÚLTIMA TRANSACCIÓN
campo de control 20210219153305.0
008 - ELEMENTOS DE LONGITUD FIJA--INFORMACIÓN GENERAL
campo de control de longitud fija 991125n 000 0 u
035 ## - NÚMERO DE CONTROL DEL SISTEMA
Número de control de sistema UPN01000088799
100 ## - ASIENTO PRINCIPAL--NOMBRE PERSONAL
Nombre de persona Kennedy, Edward M
222 ## - TÍTULO CLAVE
Título clave PHI DELTA KAPPAN
245 ## - MENCIÓN DE TÍTULO
Título National service and education for citizenship
300 ## - DESCRIPCIÓN FÍSICA
Extensión 771-773
362 ## - FECHAS DE PUBLICACIÓN Y/O DESIGNACIÓN SECUENCIAL
Fecha de publicación y/o designación secuencial 72, No. 10, 1991
505 ## - NOTA DE CONTENIDO CON FORMATO PREESTABLECIDO
Nota de contenido con formato Octubre 1991
653 0# - TERMINO DE INDIZACION - NO CONTROLADO
Término no controlado EDUCACION CIVICA
653 0# - TERMINO DE INDIZACION - NO CONTROLADO
Término no controlado LEGISLACION FEDERAL
653 0# - TERMINO DE INDIZACION - NO CONTROLADO
Término no controlado MUESTREO
653 0# - TERMINO DE INDIZACION - NO CONTROLADO
Término no controlado OPORTUNIDADES PARA JOVENES
653 0# - TERMINO DE INDIZACION - NO CONTROLADO
Término no controlado PROGRAMAS PARA JOVENES
653 0# - TERMINO DE INDIZACION - NO CONTROLADO
Término no controlado VALORES DEMOCRATICOS
904 ## - ELEMENTOS DE DATOS D LOCAL, LDD (RLIN)
a AC
b 026610
905 ## - TIPO DE MATERIAL
Tipo de material Articulo

No items available.